Participation and development in Eastern and Southern Africa (Record no. 81745)

MARC details
000 -LEADER
fixed length control field 00814nam a2200157 a 4500
008 - FIXED-LENGTH DATA ELEMENTS--GENERAL INFORMATION
fixed length control field 120416s1990 ||||||||||||||||| || u
050 ## - LIBRARY OF CONGRESS CALL NUMBER
Classification number HD 6953 But
100 ## - MAIN ENTRY--PERSONAL NAME
Personal name Rutabanzibwa-Ngaiza, Jean
245 10 - TITLE STATEMENT
Title Participation and development in Eastern and Southern Africa
260 ## - PUBLICATION, DISTRIBUTION, ETC. (IMPRINT)
Place of publication, distribution, etc Canada
Name of publisher, distributor, etc I.D.R.C
Date of publication, distribution, etc 1990
350 ## -
-- 0.00
700 ## - ADDED ENTRY--PERSONAL NAME
Personal name Butegwa, Frolence
995 ## - RECOMMENDATION 995 [LOCAL, UNIMARC FRANCE]
-- 0.00
-- CBU-MAIN LIBRARY (Kitwe)
-- 1
-- 30.00
-- 1
-- AVAILABLE
-- Zambiana Collection
995 ## - RECOMMENDATION 995 [LOCAL, UNIMARC FRANCE]
-- 0.00
-- CBU-MAIN LIBRARY (Kitwe)
-- 2
-- 30.00
-- 2
-- AVAILABLE
-- Annex Low-Usage Collection
995 ## - RECOMMENDATION 995 [LOCAL, UNIMARC FRANCE]
-- 0.00
-- CBU-MAIN LIBRARY (Kitwe)
-- 1
-- 0.00
-- 3
-- AVAILABLE
-- Oct 1, 2007
-- Zambiana Collection
Holdings
Withdrawn status Lost status Source of classification or shelving scheme Damaged status Not for loan Permanent Location Current Location Shelving location Date acquired Total Checkouts Full call number Barcode Date last seen Copy number Price effective from Koha item type
          CBU-MAIN LIBRARY, KITWE. CBU-MAIN LIBRARY, KITWE.   09/05/2023   HD 6953 But 024253 09/05/2023 1 09/05/2023 SPECIAL COLLECTION
          CBU-MAIN LIBRARY, KITWE. CBU-MAIN LIBRARY, KITWE.   09/05/2023   HD 6953 But 024144 09/05/2023 2 09/05/2023 MONOGRAPH
          CBU-MAIN LIBRARY, KITWE. CBU-MAIN LIBRARY, KITWE.   09/05/2023   HD 6953 But 024145 09/05/2023 3 09/05/2023 SPECIAL COLLECTION